Jusqu'où irez vous ? #5 (Culture Générale) - Statistiques

Statistiques générales
  • Ce quiz a été pris 274 fois
  • Le résultat moyen est 7 sur 56
Statistiques - réponses
Hint Réponse % Correct
Discipline reine du sport automobile avec comme septuple champion du monde notamment Michael Schumacher et Lewis Hamilton = ?? F1
100%
En anglais, en langage SMS, signifie before = ?? B4
58%
Format de papier qui correspond à une feuille rectangulaire de 21 × 29,7 cm = ?? A4
57%
Grincheux est un ?? nains de Blanche-Neige D7
44%
Si j'ai 20% de chances de gagner, ?? chances sur 10 de perdre G8
39%
Dé à deux faces = ?? D2
29%
Si je suis un hexagone, ?? côtés G6
29%
Abréviation pour le Lycée Henri-IV de Paris = ?? H4
29%
Abrégé de la Ligue des champions de l'UEFA = ?? C1
24%
Abréviation de la Ligue Europa (ex-coupe de l'UEFA), compétition européenne de football = ?? C3
23%
Sport originaire d'Écosse qui s'est développé dans la seconde moitié du XXe siècle dans les pays anglo-saxons = Rugby ?? A7
22%
Johnny Hallyday et Sylvie Vartan chantaient en 1973 : ?? problème G1
22%
Joséphine Baker chantait en 1930 : ?? amours G2
21%
Dite oralement : Coordonnée horizontale qui sert, avec l'ordonnée, à définir la position d'un point dans un plan = ?b? A6 (Abscisse)
17%
Se prononce comme la Principale cité (city) de l'État du Michigan aux États-Unis, beaucoup plus connue que sa capitale Lansing = ?? D3 (Détroit)
17%
Jugement qui apporte une solution ; Fin de la délibération dans l'acte volontaire de faire ou ne pas faire (une chose) = ??ion D6 (Décision)
13%
Type d'appartement avec cuisine, salle à manger, 2 chambres à coucher = ?? F3
10%
Groupe officieux des ministres de l'Intérieur des cinq États membres de l’Union européenne les plus peuplés = ?? G5
10%
Surnom du Forum de dialogue Inde, Brésil, Afrique du Sud (IBAS) = ?? G3
8%
Film catastrophe américain réalisé par Ron Howard et sorti en 1995 = ?POLLO ?3 A1
7%
Abrégé d'une chaîne de télévision française du service public, de 1975 à 1992 = ?? A2
7%
Film de Ridley Scott, sorti en 1979 = ?lien - Le ?ème Passager (1979) A8
7%
L'abréviation usuelle de la catégorie canoë biplace = ?? C2
7%
Ancien nom de C8, chaîne de télévision commerciale française arrêtée au 1er mars 2025 = ?? D8
7%
Quand j'écoute Axel Bauer chantait Cargo, ?? machine dans ma tête G7
7%
Monogramme de Haakon VII de Norvège et symbole de la résistance norvégienne pendant la Seconde Guerre mondiale = ?? H7
7%
Case de la dame blanche au départ d'une partie d'échecs classique = ?? D1
6%
Ouverture du pion roi au jeu d'échecs = ?? E4
6%
Ouverture du pion dame aux échecs = ?? D4
5%
Une des catégories de tornade sur l'échelle de Fujita (vents 420 - 510 km/h, dégâts incroyables) = ?? F5
5%
Autre nom du jeu d'équipe Hash House Harriers associant course à pied, rigolade et dérision, inventé en décembre 1938 par un officier britannique = ?? H3
4%
Film dramatique franco-iranien réalisé par Samira Makhmalbaf, sorti en 2003 qui a remporté le prix du jury du Festival de Cannes : ?? heures de l'après-midi A5
3%
Pendant la guerre du Viêt Nam, des soldats allumaient de petites quantités de ?-? pour réchauffer leurs rations lors de longues patrouilles. C4
3%
Classe de carburants regroupant les essences contenant au maximum 5 % d'éthanol, tel que le sans plomb 95 et le sans plomb 98 = ?? E5
3%
Formule chimique du dihydrogène = ?? H2
3%
Type d'hémagglutinine présent dans le virus de la grippe aviaire ??N1 H5
3%
Nom du Personnage de Dragon Ball, également connu sous les noms de Hatchan et Francky, doublé par Raoul Delfosse en français, qui est un cyborg semblable au monstre de Frankenstein = ?-? C8
2%
Projet d'extension colonial israélien sur un territoire de 12 km2 situé à l'ouest de Ma'aleh Adumim, près de Jérusalem-Est, en Cisjordanie = ?? E1
2%
Double album compilation des succès du chanteur et musicien pop rock italien Eros Ramazzotti, sorti en octobre 2007 = ?? E2
2%
Course cycliste belge créé en 1958 qui se déroule à la fin du mois de mars (Catégorie UCI World Tour en 2026) = ?? (Saxo Bank) Classic E3
2%
Film de science-fiction américain écrit et réalisé par J. J. Abrams et sorti en 2011 = SUP?R ? E8
2%
Est le corps à deux éléments 0 et 1 : ?? F2
2%
Le cinquième nombre de Fermat = ?? F4
2%
Touche d'un clavier informatique classique pour Parcourir les éléments dans une fenêtre ou sur le bureau = ?? F6
2%
Intercepteur supersonique construit par Vought aux États-Unis (Mise en service en Mars 1957 et Date de retrait 1999 pour l'aéronautique navale française) = Vought ?-? Crusader F8
2%
Jeu vidéo de type battle royale développé par Daybreak Game Company, sorti en 2018 sur Microsoft Windows et PlayStation 4 = ??Z1 H1
2%
Complète cette série logique : C5 D2 ?? H8 (C Cinq D Deux H Huit)
2%
Jeu vidéo de tir à la première personne développé par NEON Software et édité par Ocean Software, sorti en 1996 sur DOS, Saturn et PlayStation = Tunnel ?? B1
1%
Vitamine hydrosoluble correspondant à la riboflavine, ou lactoflavine = ?? B2
1%
?? désigne à la fois : Un EP de Placebo, sorti en 2012
Un édifice situé à Liège en Belgique
Un boys band américain de New York, qui a obtenu un assez gros succès en Allemagne Un bot d'aide à l'administration de jeux vidéo
B3
1%
Nom courant de l'acide pantothénique = ?? B5
1%
Sigle désormais présent sur toutes les pompes à essence d'Europe qui proposent un carburant pour moteur diesel composé à 7 % d'huile d'origine végétale (biodiesel) = Carburant ?? B7
1%
Village côtier situé au nord de Rodrigues, dans l'archipel des Mascareignes. (Maurice) = ? aux ?res B8
1%
Se prononce comme le nom d'une ville de la région de Vidzeme, dans le nord de la Lettonie (17 170 habitants en 2016) = ?? C6 (Cēsis)
1%
Forme diminutive de Cécile, qui est dérivée du nom latin Caecilia. (Son sens est lié à la cécité) = ?? C7 (Cecette)
1%
Sous-marque d’Emporio Armani qui est consacrée au sport = ?A? E7
1%
Aucun quiz correspondant
Distribution des résultats
% des personnes avec chaque résultat
Percentile par nombre de réponses
Votre historique - résultats
Vous n’avez pas pris ce quiz